Implementácia hypotekárneho úveru v podmienkach SR
Problémy súvisiace s uvedením hypotekárnych bankových aktivít na náš finančný trh. Predpokladom rozvoja hypotekárneho bankovníctva je jasne vymedzená legislatíva. Praktická realizácia hypotekárneho či komunálneho úveru a prvých emisií hypotekárnych záložných listov. Štátna podpora hypotekárneho bank...
Salvato in:
| Natura: | Capitolo di libro |
|---|---|
| Lingua: | slovacco |
| Soggetti: | |
| Tags: |
Nessun Tag, puoi essere il primo ad aggiungerne!!
|
MARC
| LEADER | 00000naa a2200000 4500 | ||
|---|---|---|---|
| 001 | r018620 | ||
| 005 | 20221205101331.4 | ||
| 041 | 0 | |a slo | |
| 044 | |a SK | ||
| 245 | 1 | 0 | |a Implementácia hypotekárneho úveru v podmienkach SR |
| 520 | |a Problémy súvisiace s uvedením hypotekárnych bankových aktivít na náš finančný trh. Predpokladom rozvoja hypotekárneho bankovníctva je jasne vymedzená legislatíva. Praktická realizácia hypotekárneho či komunálneho úveru a prvých emisií hypotekárnych záložných listov. Štátna podpora hypotekárneho bankovníctva. Modelový príklad. | ||
| 610 | 2 | 0 | |a úver hypotekárny |
| 610 | 2 | 0 | |a Slovensko |
| 610 | 2 | 0 | |a bankovníctvo |
| 610 | 2 | 0 | |a banky hypotekárne |
| 610 | 2 | 0 | |a legislatíva |
| 610 | 2 | 0 | |a listy záložné |
| 610 | 2 | 0 | |a trh finančný |
| 610 | 2 | 0 | |a investori |
| 610 | 2 | 0 | |a modely |
| 610 | 2 | 0 | |a vklady |
| 610 | 2 | 0 | |a poistenie dôchodkové |